000 00706nam a2200277 a 4500
001 000000369
003 DO-SdBNP
005 20180130141724.0
007 000000369
008 081112s 19uu sp 000 f spa d
020 _a
040 _aBPMSU
_bspa
_cBPMSU
100 1 _aIsaac, Jorge,
_d1837-1895
245 1 0 _aMaría /
_cJorge Isaac.
250 _a
260 _aBilvao, España :
_bMaves
_c[190?]
300 _a69 p. ;
_c23 cm.
490 1 _aLibros juveniles
_v7
650 4 _aNOVELA COLOMBIANA
650 4 _aLITERATURA COLOMBIANA
830 0 _pLibros juveniles
_v7
910 _a
942 _2ddc
_cBK
945 _aInventariado, 2018 /LP
956 _aVMATEO
_b10
_c20160318
_lBPMSU
_h00069
999 _c9303
_d9303